Individuálna účtovná závierka podnikateľov v sústave podvojného účtovníctva praktická príručka

Na minha lista:
Detalhes bibliográficos
Autor principal: Cenigová, Anna
Formato: Livro
Idioma:eslovaco
Publicado em: Ivanka pri Dunaji Edoceo 2004
Edição:3. aktualiz. a dopln. vyd.
Assuntos:
Tags: Adicionar Tag
Sem tags, seja o primeiro a adicionar uma tag!

MARC

LEADER 00000nam$a2200000$$$4500
001 0023101
005 20240318115312.7
020 |a 80-969247-9-6 
041 0 |a slo 
044 |a SK 
245 1 0 |a Individuálna účtovná závierka podnikateľov v sústave podvojného účtovníctva  |b praktická príručka  |c Anna Cenigová 
250 |a 3. aktualiz. a dopln. vyd. 
264 1 |a Ivanka pri Dunaji  |b Edoceo  |c 2004 
300 |a 171 s. 
610 2 0 |a závierka účtovná 
610 2 0 |a účtovníctvo podvojné 
610 2 0 |a obdobie účtovné 
610 2 0 |a inventarizácia 
610 2 0 |a knihy účtovné 
610 2 0 |a výsledok hospodársky 
610 2 0 |a úpravy právne 
100 1 |a Cenigová, Anna